Arte contemporáneo

Guardat en:
Dades bibliogràfiques
Autor principal: Honnef, Klaus (Autor)
Format: Llibre
Idioma:espanyol
Publicat: Colonia Benedikt Taschen 1993
Matèries:
Etiquetes: Afegir etiqueta
Sense etiquetes, Sigues el primer a etiquetar aquest registre!

MARC

LEADER 00000nam a2200000 a 4500
001 UCY1581
003 CL-VaPUC
008 940908e19930000GW |||||||||||||||||spa|d
082 0 4 |a 709.04  |b HON  |2 21 
100 |a Honnef, Klaus  |e author  |9 557822 
245 1 0 |a Arte contemporáneo 
300 |a 238 p 
942 |c BK 
945 |d 19940908 00:00:00  |a oaravena 
260 |a Colonia  |b Benedikt Taschen  |c 1993 
650 0 |a Arte moderno  |9 265333 
650 0 |a Obras ilustradas  |9 265022 
650 0 |a Arte   |y Siglo 20  |9 267709 
650 0 |a Artistas   |9 262026 
650 0 |a Biografías  |9 255210 
583 |a last modification  |c 20160901 11:27:26  |k Rodrigo Vera 
999 |c 230240  |d 230238 
952 |0 0  |1 0  |4 0  |6 709_040000000000000_HON_1993  |7 0  |8 A  |9 232325  |a BIBARQ  |b BIBARQ  |d 2019-11-15  |i 3015564  |l 1  |o 709.04 HON 1993  |p 3015564  |r 2025-01-20  |s 2022-04-07  |w 2019-11-15  |y BK  |k ARQ 
952 |0 0  |1 0  |4 0  |6 709_040000000000000_HON_1993  |7 0  |8 A  |9 232326  |a BIBHIS  |b BIBHIS  |d 2019-11-15  |i 3359980  |l 1  |o 709.04 HON 1993  |p 3359980  |r 2025-01-20  |s 2023-11-09  |w 2019-11-15  |y BK  |k HIS